Subramania Bharati Vol. II; (Record no. 201430)

MARC details
000 -LEADER
fixed length control field 00797nam a2200205 4500
005 - DATE AND TIME OF LATEST TRANSACTION
control field 20240312152145.0
010 ## - LCCN (DPL NO)
LC control number ENG-139589
020 ## - INTERNATIONAL STANDARD BOOK NUMBER
Terms of availability 950.00
International Standard Book Number 9789386771087
035 ## - SYSTEM CONTROL NUMBER
System control number EN-123121
037 ## - SOURCE OF ACQUISITION
Source of stock number/acquisition DBAD/PUB
082 ## - DEWEY DECIMAL CLASSIFICATION NUMBER
Classification number 883.08
245 ## - TITLE STATEMENT
Title Subramania Bharati Vol. II;
Statement of responsibility, etc Edited by Sirpi Balasubramaniam ...[et.al]
Remainder of title (Essays and Stories)/
260 ## - PUBLICATION, DISTRIBUTION, ETC. (IMPRINT)
Place of publication, distribution, etc New Delhi
Name of publisher, distributor, etc Sahitya Akademi
Date of publication, distribution, etc 2017
270 ## - ADDRESS
Address Rabindra Bhavan,35, Feroz Shah
Postal code 110001
300 ## - PHYSICAL DESCRIPTION
Extent 415p;
Dimensions 28cm(hb)
700 ## - ADDED ENTRY--PERSONAL NAME
Personal name P. Marudayanayagam
Relator term Translator
9 (RLIN) 63166
700 ## - ADDED ENTRY--PERSONAL NAME
Personal name R. Ganapathy
Relator term Translator
9 (RLIN) 63167
700 ## - ADDED ENTRY--PERSONAL NAME
Personal name P. Raja
Relator term Translator
9 (RLIN) 63168
942 ## - ADDED ENTRY ELEMENTS (KOHA)
Source of classification or shelving scheme Dewey Decimal Classification
Item type English Books
Call number suffix SUB
Classification part 883.08
Holdings
Withdrawn status Lost status Not for loan Collection code Home library Current library Date acquired Source of acquisition Cost, normal purchase price Full call number Barcode Copy number Cost, replacement price Koha item type
      Non-fiction Sarojini Nagar Sarojini Nagar 12/03/2024 DBAD 950.00 SUB 883.08 EN-123121 1 950.00 English Books

© Delhi Public Library
Hit Counter
free hit counter